000 00624nam a2200205Ia 4500
003 GCL
008 140319s9999 xx 000 0 ara d
020 _a9714001977
040 _aGCL /
_cGCL
082 0 4 _a791.4
_bم ف
100 1 _aمنى الصبان
245 1 0 _aفن المونتاج فى الدراما التلفزيونية /
_cمنى الصبان
250 _aالاولى
260 _aالقاهرة :
_bالهيئة المصرية العامة للكتاب ،
_c1995
300 _a400 ص ؛
_c22 سم
490 _a
650 0 4 _aالتليفزيون
650 0 4 _aالمونتاج
942 _2ddc
_cBK
999 _c37146
_d37146